[Event "Morbihan-ch 1011"]
[Site "Morbihan"]
[Date "2010.12.04"]
[Round "3.15"]
[White "Le Borgne, Christian"]
[Black "Le Garrec, Maxime"]
[Result "0-1"]
[WhiteElo "1290"]
[BlackElo "1646"]
[PlyCount "80"]
[EventDate "2010.10.09"]
[EventType "swiss"]
[EventRounds "7"]
[EventCountry "FRA"]
[SourceTitle "EXT 2014"]
[Source "ChessBase"]
[SourceDate "2013.11.20"]
[SourceVersion "1"]
[SourceVersionDate "2013.11.20"]
[SourceQuality "1"]

1. e4 c5 2. Bc4 Nc6 3. d3 Nf6 4. Be3 d6 5. Nf3 e6 6. Bb5 Bd7 7. Nc3 a6 8. Bxc6 Bxc6 9. e5 dxe5 10. Nxe5 Bxg2 11. Rg1 Bd5 12. Qd2 Qc7 13. Bf4 Qe7 14. 0-0-0 g6 15. Rde1 0-0-0 16. Kb1 Nh5 17. Be3 Bg7 18. f4 Qc7 19. Na4 Bxe5 20. fxe5 b6 21. b4 Bc6 22. Nb2 Rd5 23. c4 Rxe5 24. bxc5 bxc5 25. Qc3 Rd8 26. Qa3 Qb6 27. Ka1 f5 28. Bg5 Rxe1+ 29. Rxe1 Re8 30. Be3 Qb4 31. Qxa6+ Bb7 32. Qxb7+ Qxb7 33. Bxc5 e5 34. a3 Nf6 35. Bb4 f4 36. Na4 Nd7 37. Nc3 Qf3 38. Nb5 Re6 39. Na7+ Kb7 40. Nb5 Qxd3 0-1

[Event "Morbihan-ch 0910"]
[Site "Morbihan"]
[Date "2010.03.06"]
[Round "5.20"]
[White "Le Borgne, Christian"]
[Black "Berthelot, Eric"]
[Result "1-0"]
[WhiteElo "1270"]
[BlackElo "1530"]
[PlyCount "101"]
[EventDate "2009.10.10"]
[EventType "swiss"]
[EventRounds "7"]
[EventCountry "FRA"]
[SourceTitle "EXT 2014"]
[Source "ChessBase"]
[SourceDate "2013.11.20"]
[SourceVersion "1"]
[SourceVersionDate "2013.11.20"]
[SourceQuality "1"]

1. e4 e5 2. Bc4 Nf6 3. d3 Bc5 4. Bg5 Nc6 5. Nf3 h6 6. Bxf6 Qxf6 7. a3 Nd4 8. Nbd2 a6 9. c3 Nxf3+ 10. Qxf3 Qxf3 11. Nxf3 d6 12. h3 b5 13. Bd5 Rb8 14. d4 exd4 15. cxd4 Bb6 16. 0-0 0-0 17. b4 Be6 18. Rad1 Bxd5 19. exd5 Rfe8 20. Rfe1 a5 21. Rxe8+ Rxe8 22. Rb1 a4 23. g4 Re4 24. Rd1 Kf8 25. Kg2 Re2 26. Rd3 Re4 27. Kg3 Ke7 28. Re3 Rxe3 29. fxe3 Kd7 30. h4 f6 31. h5 c6 32. Nh4 cxd5 33. Nf5 Bc7 34. Nxg7 Bd8 35. Nf5 Be7 36. Nxh6 Bf8 37. Nf5 Ke6 38. h6 Kf7 39. h7 Bg7 40. Nxd6+ Kg6 41. Nxb5 Kxh7 42. Nc7 Bf8 43. Nxd5 Kg6 44. Nb6 Bd6+ 45. Kf3 Kf7 46. Nxa4 Ke6 47. Nc5+ Kd5 48. a4 Kc6 49. b5+ Kb6 50. Ke4 Be7 51. Kd5 1-0